| 000 | 00613nam a2200241Ia 4500 | ||
|---|---|---|---|
| 008 | 170203s9999 xx 000 0 und d | ||
| 020 | _a9781844811821 (pbk.) | ||
| 050 | _a791.436 | ||
| 050 | _b.W746g 2005 | ||
| 100 | _aWilshin, Mark. | ||
| 245 | 2 | _aA cinematic history of horror / | |
| 245 | _cMark Wilshin. | ||
| 260 | _aChicago, Ill. : | ||
| 260 | _bRaintree, | ||
| 260 | _c2005 | ||
| 300 | _a32 p. : | ||
| 300 | _bill. (some col.) ; | ||
| 300 | _c29 cm. | ||
| 440 | _aA Cinematic history of | ||
| 500 | _aincludes index. | ||
| 650 | _aHorror films-- | ||
| 650 | _xHistory and criticism. | ||
| 999 |
_c305516 _d305516 |
||